| 000 | 00552nam a22001931i 4500 | ||
|---|---|---|---|
| 001 | bimo0001032635 | ||
| 003 | OSt | ||
| 005 | 20150310143911.0 | ||
| 008 | 900725s1976 mx spa | ||
| 040 | _cBMC | ||
| 082 | _a813.5 | ||
| 100 | 1 |
_912632 _aShils, Edward |
|
| 245 | 1 | 4 |
_aLos intelectuales y el poder _cEdward Shils ; [traducción, Flora Setaro] |
| 260 |
_aBuenos Aires _bTres Tiempos _c1976 |
||
| 300 |
_a143 p. _c20 cm |
||
| 650 | 2 | 4 |
_aNovela norteamericana _917595 |
| 700 | 1 |
_aSetaro, Flora _912633 |
|
| 942 |
_2ddc _cBK _hahoj |
||
| 999 |
_c19436 _d19436 |
||